500 riešených slovných úloh z matematiky /
Guardado en:
| Autores principales: | , , |
|---|---|
| Formato: | Libro |
| Lenguaje: | eslovaco |
| Publicado: |
Bratislava :
Alfa,
1968
|
| Edición: | 2.vyd. |
| Materias: | |
| Etiquetas: |
Sin Etiquetas, Sea el primero en etiquetar este registro!
|
MARC
| LEADER | 00000nam a22000003a 4500 | ||
|---|---|---|---|
| 001 | stu38191 | ||
| 005 | 20240201132013.1 | ||
| 008 | 920917s1968----cs------------------slo-d | ||
| 040 | |a STU |b slo | ||
| 041 | 0 | |a slo | |
| 044 | |a cs | ||
| 080 | |a 51(076.2) |7 stu_us_auth*stu8223 | ||
| 100 | 1 | |a Križalkovič, Karol |4 aut | |
| 245 | 1 | |a 500 riešených slovných úloh z matematiky / |c [aut.]Karol Križalkovič, Anton Cuninka, Ondrej Šedivý | |
| 250 | |a 2.vyd. | ||
| 260 | |a Bratislava : |b Alfa, |c 1968 | ||
| 300 | |a 362 s | ||
| 650 | 7 | |a matematika |2 stusub | |
| 650 | 7 | |a úlohy |2 stusub | |
| 700 | 1 | |a Cuninka, Anton |4 aut | |
| 700 | 1 | |a Šedivý, Ondrej |4 aut | |
| 996 | |b 284M012493 |c M*5649-1 |l MMKN |s A |a 24 |w stu38191_0001 | ||
| 996 | |b 284V041181 |c V* 52939/O-24096 |l VVT |s A |a 24 |w stu38191_0002 | ||